000 00374nam a22001577a 4500
005 20160426170505.0
008 160426b xxu||||| |||| 00| 0 eng d
020 _a9971-51-391-9
041 _aeng
082 _b00190
100 _aDennis, Alan
_994
245 _aSystem Analysis and Design
260 _aNew York
_bJohn Wiley & Sons Inc,
_c2002
300 _a516
942 _cBK
999 _c69
_d69